000 00615nam a2200253Ia 4500
005 20260121154931.0
008 008 260114s9999 xx 000 0 eng d
020 _a9781003091585
037 _aEBOOK
040 _aCRL
040 _beng
040 _cCRL
041 _2eng
041 _aeng
084 _qCRL
100 _a Hans Vaihinger; Michael A. Rosenthal
_91013299
245 4 _aThe Philosophy of 'As If'
260 _bTaylor and Francis
260 _c2021
856 _uhttp://www.taylorfrancis.com/books/9781003091585
942 _cEBOOK
999 _c1580118
_d1580118